000 00917pam a2200265 a 4500
999 _c129407
_d129407
001 1442546
003 ARRUPE
005 20190423141234.0
008 850701s1986 nyu b 001 0 eng
010 _a 85015534
020 _a0883445158 (pbk.)
040 _aDLC
_cDLC
_dDLC
043 _ad------
050 0 0 _aBT83.57
_b.T48 1986
082 0 0 _a230/.09172/4
_219
100 1 _aFerm, Deane William,
_d1927-
_945840
245 1 0 _aThird World liberation theologies :
_ban introductory survey /
_cDeane William Ferm.
260 _aMaryknoll, N.Y. :
_bOrbis Books,
_cc1986.
300 _aix, 150 p. ;
_c24 cm.
500 _aIncludes index.
504 _aBibliography: p. 137-141.
650 0 _aLiberation theology
_xHistory.
_97449
650 0 _aTheology, Doctrinal
_zDeveloping countries
_xHistory
_y20th century.
_945841
906 _a7
_bcbc
_corignew
_d1
_eocip
_f19
_gy-gencatlg
942 _2lcc
_cMONOGRAPH